000 00730nam a2200289Ia 4500
005 20260324114407.0
008 008 260324s9999 xx 000 0 eng d
020 _a9781003126218
037 _aEBOOK
040 _aCRL
040 _beng
040 _cCRL
041 _2eng
041 _aeng
084 _qCRL
100 _aSalah-ddine Krit; Vrijendra Singh; Mohamed Elhoseny; Yashbir Singh
_91150599
245 0 _aArtificial Intelligence Applications in a Pandemic
245 0 _bCOVID-19
260 _bTaylor and Francis
260 _c2022
365 _a
365 _b195
856 _uhttp://www.taylorfrancis.com/books/9781003126218
942 _cEBOOK
999 _c1740758
_d1740758